|
|
|
|
| LEADER |
01238nam a2200313 a 4500 |
| 001 |
6083 |
| 003 |
BD-DhAAL |
| 005 |
20130905093146.0 |
| 008 |
130905s1997 mdu s 000 0 eng d |
| 010 |
|
|
|a 98108849
|
| 040 |
|
|
|a DLC
|c DLC
|d BD-DhAAL
|
| 050 |
0 |
0 |
|a HB849.49
|b .L4 1997
|
| 082 |
0 |
0 |
|a 304.6/07/23
|2 21
|
| 100 |
1 |
|
|a Le, Thanh N.
|d 1957-
|9 2924
|
| 245 |
1 |
3 |
|a An analysis of sample designs and sampling errors of the demographic and health surveys /
|c Thanh N. Le, Vijay K. Verma.
|
| 260 |
|
|
|a Calverton, Md. :
|b Macro International,
|c 1997.
|
| 300 |
|
|
|a ix, 273 p. ;
|c 28 cm.
|
| 490 |
|
|
|a Demographic and health surveys analytical reports ;
|v no. 3
|
| 500 |
|
|
|a "May 1997."
|
| 500 |
|
|
|a Chiefly tables.
|
| 650 |
|
0 |
|a Demographic surveys
|z Developing countries.
|9 2925
|
| 650 |
|
0 |
|a Health surveys
|z Developing countries.
|9 2926
|
| 650 |
|
0 |
|a Sampling (Statistics)
|9 2927
|
| 650 |
|
0 |
|a Error analysis (Mathematics)
|9 2928
|
| 700 |
1 |
|
|a Verma, Vijay K.
|9 2929
|
| 710 |
2 |
|
|a Macro International.
|b Institute for Resource Development.
|9 2930
|
| 942 |
|
|
|2 ddc
|c BK
|
| 999 |
|
|
|c 13929
|d 13929
|
| 952 |
|
|
|0 0
|1 0
|2 ddc
|4 0
|6 304_607230000000000_LET
|7 0
|9 23321
|a BRACUL
|b BRACUL
|c GEN
|d 2013-09-05
|l 0
|o 304.60723 LET
|p 3010006083
|r 2013-09-05
|t 1
|w 2013-09-05
|y BK
|